The Present Value of Education

Skúmanie, ako si dnešní mladí ľudia vážia vzdelanie a ostatné životné hodnoty - prieskum medzi žiakmi obchodných akadémií v Bratislave. Systém vzdelávania adolescentov na Slovensku.

Saved in:
Bibliographic Details
Main Author: Chrančoková, Martina, 1984-
Format: Book Chapter
Language:Slovak
Subjects:
Tags: Add Tag
No Tags, Be the first to tag this record!

MARC

LEADER 00000naa$a2200000$$$4500
001 0280962
005 20240502083900.5
041 0 |a slo 
044 |a CZ 
245 1 0 |a The Present Value of Education  |c Martina Chrančoková 
520 |a Skúmanie, ako si dnešní mladí ľudia vážia vzdelanie a ostatné životné hodnoty - prieskum medzi žiakmi obchodných akadémií v Bratislave. Systém vzdelávania adolescentov na Slovensku. 
610 2 0 |a vzdelávanie 
610 2 0 |a hodnota 
610 2 0 |a politika vzdelávania 
610 2 0 |a kvalifikácia 
610 2 0 |a žiaci 
610 2 0 |a kapitál ľudský 
610 2 0 |a prieskum 
100 1 |a Chrančoková, Martina, 1984-